[Event "ODJM B 2024"]
[Site "Willingen GER"]
[Date "2024.05.19"]
[Round "2"]
[White "John, Niklas"]
[Black "Reuter, Luca Marek"]
[Result "1/2-1/2"]
[Termination "normal"]
[Board "6"]
[WhiteElo "1797"]
[BlackElo "1739"]
[WhiteClock "00:00:33"]
[BlackClock "01:27:37"]
[PlyCount "159"]
[WhiteFideId "16234626"]
[BlackFideId "16226712"]
[EventCountry "GER"]
[EventRounds "9"]
[EventType "swiss"]
[EventDate "2024.05.18"]

1. e4 {[%clk 01:30:54]} {[%emt 00:00:05]} e5 {[%clk 01:30:32]} {[%emt
00:00:29]} 2. Nf3 {[%clk 01:31:16]} {[%emt 00:00:08]} Nc6 {[%clk 01:30:59]}
{[%emt 00:00:04]} 3. Bc4 {[%clk 01:31:20]} {[%emt 00:00:25]} Nf6 {[%clk
01:31:23]} {[%emt 00:00:06]} 4. d3 {[%clk 01:31:27]} {[%emt 00:00:23]} Bc5
{[%clk 01:31:40]} {[%emt 00:00:14]} 5. O-O {[%clk 01:30:48]} {[%emt 00:01:08]}
d6 {[%clk 01:31:58]} {[%emt 00:00:13]} 6. c3 {[%clk 01:30:56]} {[%emt
00:00:21]} a6 {[%clk 01:32:24]} {[%emt 00:00:04]} 7. Bb3 {[%clk 01:30:46]}
{[%emt 00:00:40]} Ba7 {[%clk 01:32:47]} {[%emt 00:00:08]} 8. Nbd2 {[%clk
01:28:49]} {[%emt 00:02:25]} O-O {[%clk 01:32:54]} {[%emt 00:00:24]} 9. h3
{[%clk 01:28:40]} {[%emt 00:00:39]} Ne7 {[%clk 01:33:05]} {[%emt 00:00:19]} 10.
Re1 {[%clk 01:24:34]} {[%emt 00:04:36]} Ng6 {[%clk 01:33:05]} {[%emt 00:00:31]}
11. Nf1 {[%clk 01:20:07]} {[%emt 00:04:56]} Re8 {[%clk 01:32:57]} {[%emt
00:00:38]} 12. Ng3 {[%clk 01:18:53]} {[%emt 00:01:44]} h6 {[%clk 01:33:19]}
{[%emt 00:00:08]} 13. d4 {[%clk 01:16:03]} {[%emt 00:03:20]} c6 {[%clk
01:32:43]} {[%emt 00:01:06]} 14. Bc2 {[%clk 01:12:23]} {[%emt 00:04:10]} Be6
{[%clk 01:30:05]} {[%emt 00:03:09]} 15. Be3 {[%clk 01:10:07]} {[%emt 00:02:45]}
b5 {[%clk 01:27:17]} {[%emt 00:03:19]} 16. Qd2 {[%clk 01:04:46]} {[%emt
00:05:50]} Kh7 {[%clk 01:27:12]} {[%emt 00:00:34]} 17. Rad1 {[%clk 01:03:41]}
{[%emt 00:01:35]} Qc8 {[%clk 01:24:21]} {[%emt 00:03:22]} 18. Kh2 {[%clk
01:02:46]} {[%emt 00:01:24]} Rd8 {[%clk 01:24:39]} {[%emt 00:00:13]} 19. dxe5
{[%clk 00:56:24]} {[%emt 00:06:52]} Bxe3 {[%clk 01:24:56]} {[%emt 00:00:13]}
20. Qxe3 {[%clk 00:54:47]} {[%emt 00:02:07]} dxe5 {[%clk 01:25:08]} {[%emt
00:00:17]} 21. Rxd8 {[%clk 00:46:35]} {[%emt 00:08:42]} Qxd8 {[%clk 01:25:11]}
{[%emt 00:00:28]} 22. Qc5 {[%clk 00:44:29]} {[%emt 00:02:35]} Qc7 {[%clk
01:23:31]} {[%emt 00:02:10]} 23. Rd1 {[%clk 00:42:13]} {[%emt 00:02:47]} Ra7
{[%clk 01:22:29]} {[%emt 00:01:32]} 24. Rd6 {[%clk 00:37:31]} {[%emt 00:05:11]}
Nd7 {[%clk 01:20:34]} {[%emt 00:02:26]} 25. Qxc6 {[%clk 00:34:00]} {[%emt
00:04:01]} Qxc6 {[%clk 01:20:47]} {[%emt 00:00:17]} 26. Rxc6 {[%clk 00:34:19]}
{[%emt 00:00:11]} Bxa2 {[%clk 01:21:02]} {[%emt 00:00:15]} 27. b3 {[%clk
00:22:55]} {[%emt 00:11:54]} a5 {[%clk 01:21:07]} {[%emt 00:00:25]} 28. Nf5
{[%clk 00:16:49]} {[%emt 00:06:35]} a4 {[%clk 01:20:54]} {[%emt 00:00:44]} 29.
Nd2 {[%clk 00:15:16]} {[%emt 00:02:02]} axb3 {[%emt 00:01:42]} 30. Nxb3 {[%clk
00:12:47]} {[%emt 00:02:57]} Ra3 {[%clk 01:19:49]} {[%emt 00:00:25]} 31. Rc7
{[%clk 00:08:09]} {[%emt 00:05:09]} Bxb3 {[%clk 01:19:26]} {[%emt 00:00:53]}
32. Bxb3 {[%clk 00:08:12]} {[%emt 00:00:26]} Rxb3 {[%clk 01:19:51]} {[%emt
00:00:06]} 33. Rxd7 {[%clk 00:08:29]} {[%emt 00:00:13]} Kg8 {[%clk 01:15:15]}
{[%emt 00:05:06]} 34. Rc7 {[%clk 00:03:25]} {[%emt 00:05:34]} Rb2 {[%clk
01:14:59]} {[%emt 00:00:46]} 35. Rc8+ {[%clk 00:03:11]} {[%emt 00:00:44]} Kh7
{[%clk 01:15:05]} {[%emt 00:00:23]} 36. Rc7 {[%clk 00:03:31]} {[%emt 00:00:11]}
Kg8 {[%clk 01:15:24]} {[%emt 00:00:11]} 37. Kg3 {[%clk 00:03:26]} {[%emt
00:00:34]} Rc2 {[%clk 01:15:20]} {[%emt 00:00:34]} 38. Ne3 {[%clk 00:02:19]}
{[%emt 00:01:38]} Rc1 {[%clk 01:15:41]} {[%emt 00:00:09]} 39. Rc8+ {[%clk
00:01:22]} {[%emt 00:01:27]} Nf8 {[%clk 01:15:37]} {[%emt 00:00:34]} 40. Nd5
{[%clk 00:01:14]} {[%emt 00:00:38]} f6 {[%clk 01:15:15]} {[%emt 00:00:51]} 41.
Rb8 {[%clk 00:28:46]} {[%emt 00:02:58]} Rb1 {[%clk 01:41:48]} {[%emt 00:03:57]}
42. f3 {[%clk 00:19:56]} {[%emt 00:09:20]} Kf7 {[%clk 01:39:55]} {[%emt
00:02:23]} 43. c4 {[%clk 00:15:28]} {[%emt 00:04:58]} b4 {[%clk 01:39:47]}
{[%emt 00:00:39]} 44. Nxb4 {[%clk 00:05:09]} {[%emt 00:10:50]} Ne6 {[%clk
01:35:08]} {[%emt 00:05:08]} 45. Rb5 {[%clk 00:03:39]} {[%emt 00:01:59]} Rc1
{[%clk 01:34:32]} {[%emt 00:01:07]} 46. Nd3 {[%clk 00:01:17]} {[%emt 00:02:52]}
Rxc4 {[%clk 01:34:43]} {[%emt 00:00:19]} 47. Rxe5 {[%clk 00:01:07]} {[%emt
00:00:40]} Rc3 {[%clk 01:33:27]} {[%emt 00:01:46]} 48. Rd5 {[%clk 00:01:11]}
{[%emt 00:00:26]} Kg6 {[%clk 01:33:20]} {[%emt 00:00:36]} 49. Rd6 {[%clk
00:00:50]} {[%emt 00:00:51]} Ng5 {[%clk 01:33:05]} {[%emt 00:00:44]} 50. h4
{[%clk 00:00:39]} {[%emt 00:00:43]} Nf7 {[%clk 01:33:24]} {[%emt 00:00:11]} 51.
Rd7 {[%clk 00:00:34]} {[%emt 00:00:35]} Ne5 {[%clk 01:33:11]} {[%emt 00:00:42]}
52. Nxe5+ {[%clk 00:00:33]} {[%emt 00:00:31]} fxe5 {[%clk 01:33:37]} {[%emt
00:00:04]} 53. Kg4 {[%clk 00:00:32]} {[%emt 00:00:32]} h5+ {[%clk 01:33:47]}
{[%emt 00:00:19]} 54. Kg3 {[%clk 00:00:54]} {[%emt 00:00:08]} Rc6 {[%clk
01:34:10]} {[%emt 00:00:07]} 55. Re7 {[%clk 00:00:38]} {[%emt 00:00:47]} Kf6
{[%clk 01:34:35]} {[%emt 00:00:05]} 56. Re8 {[%clk 00:00:40]} {[%emt 00:00:27]}
g6 {[%clk 01:34:46]} {[%emt 00:00:20]} 57. Kh3 {[%clk 00:00:33]} {[%emt
00:00:37]} Rc3 {[%clk 01:34:59]} {[%emt 00:00:16]} 58. Rd8 {[%clk 00:00:33]}
{[%emt 00:00:30]} Ke7 {[%clk 01:34:58]} {[%emt 00:00:31]} 59. Ra8 {[%clk
00:00:35]} {[%emt 00:00:27]} Kf6 {[%clk 01:35:06]} {[%emt 00:00:23]} 60. Ra6+
{[%clk 00:00:40]} {[%emt 00:00:25]} Kf7 {[%clk 01:35:21]} {[%emt 00:00:15]} 61.
Rd6 {[%clk 00:00:34]} {[%emt 00:00:36]} Ra3 {[%clk 01:35:24]} {[%emt 00:00:27]}
62. Rd2 {[%clk 00:00:37]} {[%emt 00:00:27]} Ke6 {[%clk 01:35:43]} {[%emt
00:00:11]} 63. Rf2 {[%clk 00:00:41]} {[%emt 00:00:27]} Re3 {[%clk 01:36:05]}
{[%emt 00:00:08]} 64. g4 {[%clk 00:00:34]} {[%emt 00:00:36]} hxg4+ {[%clk
01:25:09]} {[%emt 00:11:27]} 65. Kxg4 {[%clk 00:01:03]} {[%emt 00:00:01]} Kf6
{[%clk 01:25:24]} {[%emt 00:00:15]} 66. Ra2 {[%clk 00:01:14]} {[%emt 00:00:19]}
Re1 {[%clk 01:25:45]} {[%emt 00:00:08]} 67. Ra6+ {[%clk 00:01:02]} {[%emt
00:00:43]} Kf7 {[%clk 01:26:05]} {[%emt 00:00:10]} 68. Ra7+ {[%clk 00:00:40]}
{[%emt 00:00:52]} Kf6 {[%clk 01:26:24]} {[%emt 00:00:10]} 69. Ra8 {[%clk
00:00:43]} {[%emt 00:00:27]} Rg1+ {[%clk 01:26:22]} {[%emt 00:00:16]} 70. Kh3
{[%clk 00:01:07]} {[%emt 00:00:22]} Rh1+ {[%clk 01:26:22]} {[%emt 00:00:30]}
71. Kg3 {[%clk 00:01:28]} {[%emt 00:00:09]} Rg1+ {[%clk 01:26:36]} {[%emt
00:00:16]} 72. Kh2 {[%clk 00:01:49]} {[%emt 00:00:10]} Rc1 {[%clk 01:26:45]}
{[%emt 00:00:20]} 73. Rd8 {[%clk 00:00:50]} {[%emt 00:01:29]} Rc3 {[%clk
01:26:51]} {[%emt 00:00:23]} 74. Kg3 {[%clk 00:01:08]} {[%emt 00:00:12]} Rc1
{[%clk 01:27:10]} {[%emt 00:00:12]} 75. Rd2 {[%clk 00:01:04]} {[%emt 00:00:35]}
Re1 {[%clk 01:27:18]} {[%emt 00:00:21]} 76. Rg2 {[%clk 00:01:08]} {[%emt
00:00:26]} Rh1 {[%clk 01:26:48]} {[%emt 00:01:01]} 77. Kg4 {[%clk 00:00:48]}
{[%emt 00:00:50]} Rf1 {[%clk 01:26:48]} {[%emt 00:00:29]} 78. Rg3 {[%clk
00:00:42]} {[%emt 00:00:36]} Rh1 {[%clk 01:27:13]} {[%emt 00:00:05]} 79. Rg2
{[%clk 00:00:37]} {[%emt 00:00:36]} Rf1 {[%clk 01:27:37]} {[%emt 00:00:05]} 80.
Rg3 {[%clk 00:00:33]} {[%emt 00:00:34]} 1/2-1/2

[Event "ODJM B 2024"]
[Site "Willingen GER"]
[Date "2024.05.19"]
[Round "2"]
[White "Stülcken, Philipp"]
[Black "Kelembet, Maksym"]
[Result "0-1"]
[Termination "normal"]
[Board "8"]
[WhiteElo "1780"]
[BlackElo "1611"]
[WhiteClock "00:35:25"]
[BlackClock "00:29:51"]
[PlyCount "56"]
[WhiteFideId "12986232"]
[BlackFideId "34684735"]
[EventCountry "GER"]
[EventRounds "9"]
[EventType "swiss"]
[EventDate "2024.05.18"]

1. e4 {[%clk 01:30:57]} {[%emt 00:00:03]} c5 {[%clk 01:30:36]} {[%emt
00:00:25]} 2. Nf3 {[%clk 01:31:18]} {[%emt 00:00:09]} e6 {[%clk 01:31:00]}
{[%emt 00:00:06]} 3. c4 {[%clk 01:31:33]} {[%emt 00:00:14]} Nc6 {[%clk
01:30:30]} {[%emt 00:01:00]} 4. d4 {[%clk 01:31:48]} {[%emt 00:00:16]} cxd4
{[%clk 01:30:35]} {[%emt 00:00:25]} 5. Nxd4 {[%clk 01:32:12]} {[%emt 00:00:06]}
Nf6 {[%clk 01:30:57]} {[%emt 00:00:08]} 6. Nc3 {[%clk 01:32:13]} {[%emt
00:00:28]} Bb4 {[%clk 01:27:10]} {[%emt 00:04:16]} 7. f3 {[%clk 01:32:04]}
{[%emt 00:00:39]} d5 {[%clk 01:14:49]} {[%emt 00:12:51]} 8. cxd5 {[%clk
01:28:37]} {[%emt 00:03:58]} exd5 {[%clk 01:14:57]} {[%emt 00:00:23]} 9. Bb5
{[%clk 01:21:35]} {[%emt 00:07:32]} Bd7 {[%clk 01:07:20]} {[%emt 00:08:07]} 10.
Bxc6 {[%clk 01:20:15]} {[%emt 00:01:50]} Bxc6 {[%clk 01:03:24]} {[%emt
00:04:25]} 11. e5 {[%clk 01:19:36]} {[%emt 00:01:08]} Nd7 {[%clk 01:00:26]}
{[%emt 00:03:29]} 12. f4 {[%clk 01:17:18]} {[%emt 00:02:48]} O-O {[%clk
01:00:42]} {[%emt 00:00:14]} 13. O-O {[%clk 01:16:52]} {[%emt 00:00:56]} Re8
{[%clk 00:59:33]} {[%emt 00:01:38]} 14. Qg4 {[%clk 01:15:51]} {[%emt 00:01:31]}
Bc5 {[%clk 00:56:48]} {[%emt 00:03:16]} 15. Be3 {[%clk 01:12:16]} {[%emt
00:04:05]} Nf8 {[%clk 00:42:37]} {[%emt 00:14:41]} 16. Kh1 {[%clk 01:00:55]}
{[%emt 00:11:51]} Qd7 {[%clk 00:34:20]} {[%emt 00:08:47]} 17. Nf5 {[%clk
00:55:14]} {[%emt 00:06:11]} g6 {[%clk 00:32:35]} {[%emt 00:02:15]} 18. Bxc5
{[%clk 00:46:45]} {[%emt 00:08:58]} Qxf5 {[%clk 00:32:58]} {[%emt 00:00:08]}
19. Qxf5 {[%clk 00:47:06]} {[%emt 00:00:09]} gxf5 {[%clk 00:33:21]} {[%emt
00:00:07]} 20. Bxf8 {[%clk 00:46:12]} {[%emt 00:01:24]} Kxf8 {[%clk 00:32:59]}
{[%emt 00:00:52]} 21. Rfd1 {[%clk 00:46:00]} {[%emt 00:00:42]} Rad8 {[%clk
00:32:43]} {[%emt 00:00:46]} 22. Rd3 {[%clk 00:46:00]} {[%emt 00:00:29]} f6
{[%clk 00:32:26]} {[%emt 00:00:48]} 23. exf6 {[%clk 00:44:36]} {[%emt
00:01:54]} d4 {[%clk 00:31:31]} {[%emt 00:01:25]} 24. Rad1 {[%clk 00:44:40]}
{[%emt 00:00:25]} Kf7 {[%clk 00:30:19]} {[%emt 00:01:43]} 25. h3 {[%clk
00:44:54]} {[%emt 00:00:16]} dxc3 {[%clk 00:29:14]} {[%emt 00:01:36]} 26. Rxd8
{[%clk 00:40:09]} {[%emt 00:05:14]} c2 {[%clk 00:29:39]} {[%emt 00:00:05]} 27.
R1d7+ {[%clk 00:35:04]} {[%emt 00:05:35]} Bxd7 {[%clk 00:29:26]} {[%emt
00:00:44]} 28. Rxd7+ {[%clk 00:35:25]} {[%emt 00:00:09]} Kxf6 {[%clk 00:29:51]}
{[%emt 00:00:05]} 0-1

[Event "ODJM B 2024"]
[Site "Willingen GER"]
[Date "2024.05.19"]
[Round "2"]
[White "Walter, Richard"]
[Black "Langer, Paul Georg"]
[Result "1/2-1/2"]
[Termination "normal"]
[Board "9"]
[WhiteElo "1719"]
[BlackElo "1882"]
[WhiteClock "01:13:43"]
[BlackClock "00:06:49"]
[PlyCount "92"]
[WhiteFideId "34620028"]
[BlackFideId "16230051"]
[EventCountry "GER"]
[EventRounds "9"]
[EventType "swiss"]
[EventDate "2024.05.18"]

1. d4 {[%clk 01:30:59]} Nf6 {[%clk 01:30:54]} {[%emt 00:00:07]} 2. Nf3 {[%clk
01:31:24]} {[%emt 00:00:04]} e6 {[%clk 01:31:18]} {[%emt 00:00:06]} 3. g3
{[%clk 01:31:51]} {[%emt 00:00:03]} d5 {[%clk 01:31:31]} {[%emt 00:00:18]} 4.
Bg2 {[%clk 01:32:16]} {[%emt 00:00:04]} Be7 {[%clk 01:31:55]} {[%emt 00:00:05]}
5. O-O {[%clk 01:32:42]} {[%emt 00:00:05]} O-O {[%clk 01:32:19]} {[%emt
00:00:07]} 6. c4 {[%clk 01:33:08]} {[%emt 00:00:03]} dxc4 {[%clk 01:32:33]}
{[%emt 00:00:16]} 7. Qc2 {[%clk 01:31:56]} {[%emt 00:01:42]} a6 {[%clk
01:32:08]} {[%emt 00:00:55]} 8. Qxc4 {[%clk 01:30:28]} {[%emt 00:01:59]} b5
{[%clk 01:28:47]} {[%emt 00:03:51]} 9. Qc2 {[%clk 01:28:12]} {[%emt 00:02:45]}
Bb7 {[%clk 01:27:31]} {[%emt 00:01:47]} 10. Bg5 {[%clk 01:24:50]} {[%emt
00:03:52]} Nbd7 {[%clk 01:22:34]} {[%emt 00:05:27]} 11. Rd1 {[%clk 01:23:35]}
{[%emt 00:01:44]} Rc8 {[%clk 01:21:29]} {[%emt 00:01:36]} 12. Ne5 {[%clk
01:21:03]} {[%emt 00:03:02]} Bxg2 {[%clk 01:20:05]} {[%emt 00:01:53]} 13. Kxg2
{[%clk 01:21:27]} {[%emt 00:00:06]} c5 {[%clk 01:12:53]} {[%emt 00:07:43]} 14.
Nxd7 {[%clk 01:15:22]} {[%emt 00:06:35]} Qxd7 {[%clk 01:11:49]} {[%emt
00:01:33]} 15. dxc5 {[%clk 01:14:08]} {[%emt 00:01:45]} Qb7+ {[%clk 01:11:27]}
{[%emt 00:00:51]} 16. f3 {[%clk 01:11:59]} {[%emt 00:02:40]} Rxc5 {[%clk
01:10:59]} {[%emt 00:00:58]} 17. Qd2 {[%clk 01:10:50]} {[%emt 00:01:38]} Rd5
{[%clk 01:07:16]} {[%emt 00:04:13]} 18. Qc1 {[%clk 01:10:49]} {[%emt 00:00:31]}
Rc8 {[%clk 01:06:52]} {[%emt 00:00:54]} 19. Nc3 {[%clk 01:11:03]} {[%emt
00:00:15]} Rdc5 {[%clk 00:58:55]} {[%emt 00:08:28]} 20. Bxf6 {[%clk 01:10:24]}
{[%emt 00:01:09]} Bxf6 {[%clk 00:53:53]} {[%emt 00:05:32]} 21. Qd2 {[%clk
01:10:39]} {[%emt 00:00:16]} b4 {[%clk 00:46:32]} {[%emt 00:07:51]} 22. Ne4
{[%clk 01:09:50]} {[%emt 00:01:18]} Rc2 {[%clk 00:46:38]} {[%emt 00:00:24]} 23.
Qd3 {[%clk 01:08:19]} {[%emt 00:02:02]} Be7 {[%clk 00:38:08]} {[%emt 00:08:59]}
24. Rd2 {[%clk 01:06:52]} {[%emt 00:01:57]} Rxd2 {[%clk 00:34:28]} {[%emt
00:04:10]} 25. Qxd2 {[%clk 01:06:57]} {[%emt 00:00:25]} Rd8 {[%clk 00:34:11]}
{[%emt 00:00:48]} 26. Qf4 {[%clk 01:02:43]} {[%emt 00:04:44]} Qb5 {[%clk
00:29:57]} {[%emt 00:04:44]} 27. Kf2 {[%clk 01:00:09]} {[%emt 00:03:04]} f5
{[%clk 00:27:25]} {[%emt 00:03:02]} 28. Ng5 {[%clk 00:59:23]} {[%emt 00:01:15]}
Qb6+ {[%clk 00:18:44]} {[%emt 00:09:11]} 29. Kf1 {[%clk 00:59:16]} {[%emt
00:00:38]} h6 {[%clk 00:18:31]} {[%emt 00:00:43]} 30. Nh3 {[%clk 00:59:29]}
{[%emt 00:00:16]} g5 {[%clk 00:16:48]} {[%emt 00:02:13]} 31. Qc4 {[%clk
00:59:21]} {[%emt 00:00:38]} Rd4 {[%clk 00:15:40]} {[%emt 00:01:39]} 32. Qb3
{[%clk 00:59:06]} {[%emt 00:00:44]} Qd6 {[%clk 00:11:29]} {[%emt 00:04:41]} 33.
Nf2 {[%clk 00:58:40]} {[%emt 00:00:56]} h5 {[%clk 00:11:01]} {[%emt 00:00:58]}
34. Rd1 {[%clk 00:57:57]} {[%emt 00:01:13]} Kf7 {[%clk 00:09:41]} {[%emt
00:01:51]} 35. Rxd4 {[%clk 00:56:59]} {[%emt 00:01:27]} Qxd4 {[%clk 00:10:03]}
{[%emt 00:00:08]} 36. Nd3 {[%clk 00:57:19]} {[%emt 00:00:10]} h4 {[%clk
00:07:30]} {[%emt 00:03:03]} 37. f4 {[%clk 00:52:39]} {[%emt 00:05:10]} hxg3
{[%clk 00:06:24]} {[%emt 00:01:36]} 38. hxg3 {[%clk 00:51:29]} {[%emt
00:01:40]} gxf4 {[%clk 00:04:15]} {[%emt 00:02:40]} 39. gxf4 {[%clk 00:51:19]}
{[%emt 00:00:39]} Bd6 {[%clk 00:02:10]} {[%emt 00:02:35]} 40. e3 {[%clk
00:50:29]} {[%emt 00:01:20]} Qe4 {[%clk 00:01:18]} {[%emt 00:01:22]} 41. Ke2
{[%clk 00:49:09]} {[%emt 00:01:50]} Qg2+ {[%clk 00:27:40]} {[%emt 00:04:09]}
42. Nf2 {[%clk 01:19:15]} {[%emt 00:00:23]} Be7 {[%clk 00:26:14]} {[%emt
00:01:56]} 43. Qd1 {[%clk 01:17:27]} {[%emt 00:02:18]} Qb7 {[%clk 00:21:39]}
{[%emt 00:05:05]} 44. Qh1 {[%clk 01:17:03]} {[%emt 00:00:54]} Qb5+ {[%clk
00:16:33]} {[%emt 00:05:37]} 45. Nd3 {[%clk 01:17:22]} {[%emt 00:00:11]} Qc4
{[%clk 00:14:22]} {[%emt 00:02:39]} 46. Qh5+ {[%clk 01:13:43]} {[%emt
00:04:10]} Kg8 {[%clk 00:06:49]} {[%emt 00:08:03]} 1/2-1/2

[Event "ODJM B 2024"]
[Site "Willingen GER"]
[Date "2024.05.19"]
[Round "2"]
[White "Holterbosch, Ida"]
[Black "Lampe, Finn"]
[Result "0-1"]
[Termination "normal"]
[Board "10"]
[WhiteElo "1750"]
[BlackElo "1688"]
[WhiteClock "00:27:38"]
[BlackClock "00:14:31"]
[PlyCount "66"]
[WhiteFideId "16252934"]
[BlackFideId "34683437"]
[EventCountry "GER"]
[EventRounds "9"]
[EventType "swiss"]
[EventDate "2024.05.18"]

1. d4 {[%clk 01:30:57]} {[%emt 00:00:02]} d5 {[%clk 01:30:54]} {[%emt
00:00:06]} 2. c4 {[%clk 01:31:16]} {[%emt 00:00:11]} c6 {[%clk 01:31:02]}
{[%emt 00:00:22]} 3. Nc3 {[%clk 01:31:19]} {[%emt 00:00:27]} Nf6 {[%clk
01:31:14]} {[%emt 00:00:18]} 4. Nf3 {[%clk 01:30:34]} {[%emt 00:01:15]} dxc4
{[%clk 01:31:31]} {[%emt 00:00:13]} 5. e3 {[%clk 01:29:54]} {[%emt 00:01:11]}
b5 {[%clk 01:30:58]} {[%emt 00:01:02]} 6. a4 {[%clk 01:29:50]} {[%emt
00:00:34]} b4 {[%clk 01:27:39]} {[%emt 00:03:49]} 7. Nb1 {[%clk 01:28:10]}
{[%emt 00:02:10]} Bf5 {[%clk 01:25:16]} {[%emt 00:02:52]} 8. Bxc4 {[%clk
01:26:05]} {[%emt 00:02:36]} Nbd7 {[%clk 01:22:23]} {[%emt 00:03:23]} 9. O-O
{[%clk 01:22:14]} {[%emt 00:04:21]} e6 {[%clk 01:21:46]} {[%emt 00:01:07]} 10.
b3 {[%clk 01:19:14]} {[%emt 00:03:30]} Be7 {[%clk 01:13:44]} {[%emt 00:08:33]}
11. Bb2 {[%clk 01:15:35]} {[%emt 00:04:08]} a5 {[%clk 01:12:44]} {[%emt
00:01:30]} 12. Qe2 {[%clk 01:14:45]} {[%emt 00:01:20]} O-O {[%clk 01:10:49]}
{[%emt 00:02:25]} 13. Nbd2 {[%clk 01:14:30]} {[%emt 00:00:45]} Ne4 {[%clk
01:09:29]} {[%emt 00:01:50]} 14. Rac1 {[%clk 01:09:27]} {[%emt 00:05:34]} Ndf6
{[%clk 01:04:52]} {[%emt 00:05:05]} 15. Bd3 {[%clk 01:06:39]} {[%emt 00:03:17]}
Nxd2 {[%clk 00:59:24]} {[%emt 00:06:00]} 16. Qxd2 {[%clk 01:06:21]} {[%emt
00:00:49]} Bxd3 {[%clk 00:58:47]} {[%emt 00:01:08]} 17. Qxd3 {[%clk 01:06:41]}
{[%emt 00:00:09]} c5 {[%clk 00:58:43]} {[%emt 00:00:34]} 18. Ne5 {[%clk
01:03:29]} {[%emt 00:03:42]} cxd4 {[%clk 00:55:16]} {[%emt 00:03:57]} 19. Qxd4
{[%clk 00:59:18]} {[%emt 00:04:41]} Qxd4 {[%clk 00:51:45]} {[%emt 00:04:01]}
20. Bxd4 {[%clk 00:58:02]} {[%emt 00:01:46]} Ne4 {[%clk 00:47:21]} {[%emt
00:04:54]} 21. Rfd1 {[%clk 00:56:23]} {[%emt 00:02:10]} Bf6 {[%clk 00:43:41]}
{[%emt 00:04:09]} 22. Nd7 {[%clk 00:53:15]} {[%emt 00:03:37]} Rfc8 {[%clk
00:40:08]} {[%emt 00:04:01]} 23. Nxf6+ {[%clk 00:53:02]} {[%emt 00:00:45]} gxf6
{[%clk 00:28:26]} {[%emt 00:12:08]} 24. f3 {[%clk 00:48:28]} {[%emt 00:05:09]}
Rxc1 {[%clk 00:26:32]} {[%emt 00:02:24]} 25. Rxc1 {[%clk 00:48:33]} {[%emt
00:00:25]} Nd2 {[%clk 00:26:43]} {[%emt 00:00:18]} 26. Bxf6 {[%clk 00:48:21]}
{[%emt 00:00:42]} h5 {[%clk 00:22:49]} {[%emt 00:04:25]} 27. Rc5 {[%clk
00:45:55]} {[%emt 00:02:56]} Kh7 {[%clk 00:22:40]} {[%emt 00:00:38]} 28. Bb2
{[%clk 00:33:39]} {[%emt 00:12:47]} Kg6 {[%clk 00:17:50]} {[%emt 00:05:20]} 29.
h4 {[%clk 00:31:59]} {[%emt 00:02:10]} f6 {[%clk 00:16:36]} {[%emt 00:01:45]}
30. Rc6 {[%clk 00:29:55]} {[%emt 00:02:33]} Re8 {[%clk 00:16:37]} {[%emt
00:00:28]} 31. Ra6 {[%clk 00:27:52]} {[%emt 00:02:34]} Nxb3 {[%clk 00:16:51]}
{[%emt 00:00:16]} 32. Kf2 {[%clk 00:27:55]} {[%emt 00:00:27]} Nc5 {[%clk
00:14:04]} {[%emt 00:03:16]} 33. Rd6 {[%clk 00:27:38]} {[%emt 00:00:48]} Nxa4
{[%clk 00:14:31]} {[%emt 00:00:03]} 0-1